Statistics for US General Knowledge

Click here to take the quiz!

General Stats

  • This quiz has been taken 60 times
  • The average score is 20 of 31

Answer Stats

HintAnswer% Correct
Who was the first president?George Washington
98%
How many states are in the USA?50
96%
What is the only state that begins with the letter F?Florida
96%
Name one of the presidents on Mount Rushmore.George Washington / Theodore Roosevelt / Abraham Lincoln / Thomas Jefferson
96%
Who was assassinated by John Wilkes Booth?Abraham Lincoln
94%
What is the abbreviation for Georgia?GA
94%
What state is the farthest north?Alaska
92%
Who won the 2016 presidential election?Donald Trump
92%
What is the major mountain range in the western part of the US?Rocky
90%
What city is known as "Sin City?"Las Vegas
85%
In what war did the Confederate army fight the Union army?Civil / Civil War
83%
The capital of Tennessee is...Nashville
81%
Name one of the great lakes. (Do not include the word lake)Michigan / Erie / Huron / Superior / Ontario
79%
What is the biggest US state?Alaska
73%
What's the abbreviation for Utah?UT
73%
What was the first official state?Delaware
67%
What state has the capital city of Annapolis?Maryland
65%
What's the capital of the USA?Washington D.C.
65%
What year did 9-11 occur?2001
63%
What is the capital of Maine?Augusta
58%
What language is the most spoken by Americans?English
56%
What is the mascot of the University of Florida?Gator
56%
Who was the first black president?Barack Obama
52%
And what state was he from?Hawaii
46%
And what's the capital of that state?Honolulu
38%
How many stars are on the American flag?50
31%
Name one of the countries that border the USA.Canada / Mexico
29%
How many stripes?13
27%
How many volcanos are in the state of Nevada?None / Zero
21%
What year did the Mayflower make it to Plymoth?1620
19%
In what state is Dr. Enuf manufactured?Tennessee
4%

Score Distribution

Percentile by Number Answered

Percent of People with Each Score

Your Score History

You have not taken this quiz